Introduction to probability, statistics, and random processes / (رقم التسجيلة. 75148)
[ عرض عادي ]
| 000 -الفاتح | |
|---|---|
| حقل البيانات ثابتة الطول | 00981cam a2200289 i 4500 |
| 001 - رقم الضبط | |
| رقم الضبط | 18643188 |
| 003 - محدد رقم الضبط | |
| رقم الضبط | OSt |
| 005 - وقت وتاريخ اخر تعامل مع التسجيلة | |
| رقم الضبط | 20180923144738.0 |
| 008 - عناصر البيانات ثابتة الطول - معلومات عامة | |
| حقل البيانات ثابتة الطول | 150604s2014 paua b 001 0 eng |
| 010 ## - رقم ضبط مكتبة الكونجرس | |
| رقم ضبط مكتبة الكونجرس | 2015295671 |
| 020 ## - الرقم الدولى المعيارى للكتب | |
| الرقم الدولى المعيارى للكتاب | 9780990637202 (pbk.) |
| 040 ## - مصدر الفهرسة | |
| وكالة الفهرسة الأصلية | DLC |
| لغة الفهرسة | eng |
| قواعد الوصف | rda |
| وكالة النسخ | DLC |
| 042 ## - رمز التحقق | |
| رمز التحقق | pcc |
| 050 00 - رقم طلب مكتبة الكونجرس | |
| رقم التصنيف | QA273 |
| رقم المادة | .P489 2014 |
| 082 ## - رقم تصنيف ديوى العشرى | |
| رقم الطبعة | 23 |
| رقم التصنيف | 519.5 |
| رقم المادة | PHI |
| 100 1# - المدخل الرئيسى - إسم شخصى | |
| الإسم الشخصى | Pishro-Nik, Hossein, |
| الدور | author. |
| 9 (RLIN) | 65034 |
| 245 10 - بيان العنوان | |
| العنوان | Introduction to probability, statistics, and random processes / |
| بيان المسئوليه,etc | Hossein Pishro-Nik, University of Massachusetts, Amherst. |
| 246 14 - العنوان الموازى | |
| عنوان صحيح/عنوان مختصر | Probability |
| 300 ## - الوصف المادى | |
| التعداد | ix, 732 pages : |
| تفاصيل ماديه اخرى للوعاء | illustrations ; |
| أبعاد الوعاء | 25 cm |
| 504 ## - تبصرة ببليوجرافية | |
| تبصرة ببليوجرافية,الخ | Includes bibliographical references (pages 731-732) and index. |
| 650 #0 - المدخل الاضافى بالموضوع-مصطلح موضوعى | |
| مصطلح موضوعي أو اسم جغرافي كعنصر مدخل | Probabilities. |
| 9 (RLIN) | 65035 |
| 650 #0 - المدخل الاضافى بالموضوع-مصطلح موضوعى | |
| مصطلح موضوعي أو اسم جغرافي كعنصر مدخل | Statistics. |
| 9 (RLIN) | 65036 |
| 650 #0 - المدخل الاضافى بالموضوع-مصطلح موضوعى | |
| مصطلح موضوعي أو اسم جغرافي كعنصر مدخل | Stochastic processes. |
| 9 (RLIN) | 18326 |
| 906 ## - عنصر بيانات محلى F, LDF (RLIN) | |
| a | 7 |
| b | cbc |
| c | orignew |
| d | 2 |
| e | ncip |
| f | 20 |
| g | y-gencatlg |
| 942 ## - عناصر المدخل الإضافي( كوها) | |
| مصدر التصنيف او مخطط الترفيف | Dewey Decimal Classification |
| Koha [default] item type | كتاب |
| حالة الفقد | نموذج السعر الفعال | حالة تلف | ليس للاعارة | رقم الطلب | تاريخ الاكتساب | الموقع الحالي | الباركود | الفرع الرئيسي | Date last seen | نوع المادة فى نظام كوها | مصدر التصنيف او خطة الترفيف | Total Checkouts |
|---|---|---|---|---|---|---|---|---|---|---|---|---|
| 2018-09-21 | 519.5 PHI | 2018-09-21 | المكتبة المركزية بالمجمعة (CL) | 00751304 | المكتبة المركزية بالمجمعة (CL) | 2018-09-21 | كتاب | Dewey Decimal Classification | ||||
| 2018-09-21 | 519.5 PHI | 2018-09-21 | المكتبة المركزية بالمجمعة (CL) | 00751305 | المكتبة المركزية بالمجمعة (CL) | 2018-09-21 | كتاب | Dewey Decimal Classification | ||||
| 2018-09-21 | 519.5 PHI | 2018-09-21 | المكتبة المركزية بالمجمعة (CL) | 00751306 | المكتبة المركزية بالمجمعة (CL) | 2018-09-21 | كتاب | Dewey Decimal Classification | ||||
| 2018-09-21 | 519.5 PHI | 2018-09-21 | مكتبة مجمع الطالبات بالمجمعة (EMF) | 00751307 | مكتبة مجمع الطالبات بالمجمعة (EMF) | 2018-09-21 | كتاب | Dewey Decimal Classification | ||||
| 2018-09-21 | 519.5 PHI | 2018-09-21 | مكتبة مجمع الطالبات بالمجمعة (EMF) | 00751308 | مكتبة مجمع الطالبات بالمجمعة (EMF) | 2018-09-21 | كتاب | Dewey Decimal Classification | ||||
| 2018-09-21 | 519.5 PHI | 2018-09-21 | مكتبة مجمع الكليات بالزلفى - طلاب (SZM) | 00751309 | مكتبة مجمع الكليات بالزلفى - طلاب (SZM) | 2018-09-21 | كتاب | Dewey Decimal Classification | ||||
| 2018-09-21 | 519.5 PHI | 2018-09-21 | مكتبة مجمع الكليات بالزلفى - طلاب (SZM) | 00751310 | مكتبة مجمع الكليات بالزلفى - طلاب (SZM) | 2018-09-21 | كتاب | Dewey Decimal Classification |
